Medical management of the surgical patient / (Record no. 842)

000 -LEADER
fixed length control field 01485nam a22004457a 4500
001 - CONTROL NUMBER
control field 2331535
003 - CONTROL NUMBER IDENTIFIER
control field OSt
005 - DATE AND TIME OF LATEST TRANSACTION
control field 20210426092923.0
008 - FIXED-LENGTH DATA ELEMENTS--GENERAL INFORMATION
fixed length control field 820216s1982 maua b 001 0 eng
010 ## - LIBRARY OF CONGRESS CONTROL NUMBER
LC control number 82001331
020 ## - INTERNATIONAL STANDARD BOOK NUMBER
International Standard Book Number 0409950114
020 ## - INTERNATIONAL STANDARD BOOK NUMBER
International Standard Book Number 0409951560
040 ## - CATALOGING SOURCE
Original cataloging agency eng
Transcribing agency DLC
Modifying agency eng
Language of cataloging eng
041 ## - LANGUAGE CODE
Language code of text/sound track or separate title eng
050 00 - LIBRARY OF CONGRESS CALL NUMBER
Classification number RD98
Item number .M43 1982
060 ## - NATIONAL LIBRARY OF MEDICINE CALL NUMBER
Classification number WO 178 M489
080 ## - UNIVERSAL DECIMAL CLASSIFICATION NUMBER
Universal Decimal Classification number 616-08
Item number L-96
082 00 - DEWEY DECIMAL CLASSIFICATION NUMBER
Classification number 617/.01
Edition number 19
245 00 - TITLE STATEMENT
Title Medical management of the surgical patient /
Statement of responsibility, etc. [edited by] Michael F. Lubin, H. Kenneth Walker, Robert B. Smith, III.
Remainder of title / by: Butterworths
260 ## - PUBLICATION, DISTRIBUTION, ETC.
Place of publication, distribution, etc. Boston :
Name of publisher, distributor, etc. Butterworths
Date of publication, distribution, etc. c1982.
300 ## - PHYSICAL DESCRIPTION
Extent xxxvi, 923 p. :
Other physical details ill. ;
Dimensions 25 cm.
504 ## - BIBLIOGRAPHY, ETC. NOTE
Bibliography, etc. note Includes bibliographies and index.
650 #0 - SUBJECT ADDED ENTRY--TOPICAL TERM
Topical term or geographic name entry element Surgery
General subdivision Complications.
650 #0 - SUBJECT ADDED ENTRY--TOPICAL TERM
Topical term or geographic name entry element Patient Care
9 (RLIN) 285
650 #0 - SUBJECT ADDED ENTRY--TOPICAL TERM
Topical term or geographic name entry element Diseases
General subdivision Complications.
650 #0 - SUBJECT ADDED ENTRY--TOPICAL TERM
Topical term or geographic name entry element Therapeutics, Surgical.
650 #2 - SUBJECT ADDED ENTRY--TOPICAL TERM
Topical term or geographic name entry element Surgery, Operative.
650 #2 - SUBJECT ADDED ENTRY--TOPICAL TERM
Topical term or geographic name entry element Intraoperative complications.
650 #2 - SUBJECT ADDED ENTRY--TOPICAL TERM
Topical term or geographic name entry element Postoperative complications.
650 #2 - SUBJECT ADDED ENTRY--TOPICAL TERM
Topical term or geographic name entry element Intraoperative care.
650 #2 - SUBJECT ADDED ENTRY--TOPICAL TERM
Topical term or geographic name entry element Postoperative care.
653 ## - INDEX TERM--UNCONTROLLED
Uncontrolled term პაციენტი მოვლა
653 ## - INDEX TERM--UNCONTROLLED
Uncontrolled term ქირურგია
653 ## - INDEX TERM--UNCONTROLLED
Uncontrolled term ოპერაციის შემდგომი მოვლა
700 1# - ADDED ENTRY--PERSONAL NAME
Personal name Lubin, Michael F.,
Dates associated with a name 1947-
700 1# - ADDED ENTRY--PERSONAL NAME
Personal name Walker, H. Kenneth
Fuller form of name (Henry Kenneth),
Dates associated with a name 1936-
700 1# - ADDED ENTRY--PERSONAL NAME
Personal name Smith, Robert B.,
Dates associated with a name 1933-
906 ## - LOCAL DATA ELEMENT F, LDF (RLIN)
a 7
b cbc
c orignew
d 1
e ocip
f 19
g y-gencatlg
942 ## - ADDED ENTRY ELEMENTS (KOHA)
Source of classification or shelving scheme
Koha item type Books
Holdings
Withdrawn status Lost status Source of classification or shelving scheme Damaged status Not for loan Permanent location Current location Date acquired Inventory number Total Checkouts Full call number Barcode Date last seen Price effective from Koha item type
          Ken Walker International University Ken Walker International University 12/29/2020 2298   616-08 L-96 2298 12/29/2020 12/29/2020 Books

Powered by Koha